[Event "2. Bundesliga West 2016/17"]
[Site "Salzburg/Wals"]
[Date "2017.03.03"]
[Round "9"]
[Board "6"]
[White "Dorner, Guenther"]
[Black "Jedinger, Andreas"]
[Result "1-0"]
[WhiteElo "1917"]
[BlackElo "2120"]
[PlyCount "65"]
[EventDate "2016.10.28"]
[EventType "team"]
[EventRounds "11"]
[EventCountry "AUT"]
[WhiteTeam "Bregenz 2"]
[BlackTeam "Rochade Rum"]

1. e4 e5 2. Nf3 Nc6 3. Bb5 Nge7 4. O-O g6 5. c3 Bg7 6. d4 exd4 7. cxd4 a6 8.
Ba4 b5 9. Bb3 O-O 10. Bf4 d6 11. h3 Na5 12. Nc3 Nxb3 13. Qxb3 Be6 14. d5 Bd7
15. Rfd1 h6 16. e5 g5 17. Bh2 dxe5 18. Nxe5 Bf5 19. g4 Bxe5 20. Bxe5 Ng6 21.
Bg3 Bd7 22. Ne4 Qe7 23. Re1 Nf4 24. Bxf4 gxf4 25. Qc3 f5 26. Nc5 Qf7 27. Ne6
Bxe6 28. Rxe6 fxg4 29. Rxh6 Qg7 30. Qc6 Qe7 31. Qg6+ Qg7 32. Qe6+ Qf7 33. Qxg4+
 1-0

[Event "2. Bundesliga West 2016/17"]
[Site "Salzburg/Wals"]
[Date "2017.03.03"]
[Round "9"]
[Board "1"]
[White "Eybl, Alexander"]
[Black "Rusche, Johannes"]
[Result "0-1"]
[WhiteElo "2277"]
[BlackElo "2265"]
[PlyCount "50"]
[EventDate "2016.10.28"]
[EventType "team"]
[EventRounds "11"]
[EventCountry "AUT"]
[WhiteTeam "Pradl"]
[BlackTeam "Kufstein/Woergl"]

1. Nf3 Nf6 2. d4 c5 3. e3 d5 4. c3 e6 5. Bd3 Nc6 6. O-O Bd6 7. Nbd2 O-O 8. e4
cxd4 9. cxd4 e5 10. dxe5 Nxe5 11. Nxe5 Bxe5 12. h3 Re8 13. Re1 Bc7 14. exd5
Rxe1+ 15. Qxe1 Qxd5 16. Bc4 Qc5 17. Bb3 Bd7 18. Nf3 Bc6 19. Be3 Qh5 20. Ng5 Bd5
21. Bd1 Qh4 22. Rc1 Bd6 23. a3 Re8 24. g3 Qxg5 25. Ba4 Qf5 0-1

[Event "2. Bundesliga West 2016/17"]
[Site "Salzburg/Wals"]
[Date "2017.03.03"]
[Round "9"]
[Board "2"]
[White "Maurer, Jochen"]
[Black "Lins, Philipp"]
[Result "1-0"]
[WhiteElo "2261"]
[BlackElo "2131"]
[PlyCount "49"]
[EventDate "2016.10.28"]
[EventType "team"]
[EventRounds "11"]
[EventCountry "AUT"]
[WhiteTeam "Kufstein/Woergl"]
[BlackTeam "Pradl"]

1. e4 d6 2. d4 Nf6 3. Nc3 c6 4. f4 Qa5 5. e5 Ne4 6. Nf3 Bg4 7. h3 Nxc3 8. bxc3
Qxc3+ 9. Bd2 Bxf3 10. Qb1 Qxd4 11. Qxb7 Qb6 12. Qxa8 Bd5 13. a4 e6 14. a5 Qb2
15. Ra4 c5 16. Qxa7 Nc6 17. Qb6 Qxb6 18. axb6 Kd7 19. Bb5 Kc8 20. O-O Nd4 21.
Ba6+ Kb8 22. c3 Nc6 23. Bb5 f6 24. c4 Be4 25. Re1 1-0

[Event "2. Bundesliga West 2016/17"]
[Site "Salzburg/Wals"]
[Date "2017.03.03"]
[Round "9"]
[Board "3"]
[White "Meier, Alexander"]
[Black "Neuschmied, Siegfried"]
[Result "1-0"]
[WhiteElo "2163"]
[BlackElo "2153"]
[PlyCount "59"]
[EventDate "2016.10.28"]
[EventType "team"]
[EventRounds "11"]
[EventCountry "AUT"]
[WhiteTeam "Pradl"]
[BlackTeam "Kufstein/Woergl"]

1. e4 d6 2. d4 Nf6 3. Nc3 g6 4. f4 Bg7 5. Nf3 O-O 6. Bd3 Na6 7. O-O c5 8. d5
Rb8 9. a4 Nb4 10. Bc4 e6 11. dxe6 fxe6 12. e5 dxe5 13. Qxd8 Rxd8 14. fxe5 Ng4
15. Bg5 Rf8 16. Be7 Nxc2 17. Bxf8 Bxf8 18. Ng5 Bh6 19. Nxe6 Nxe5 20. Rad1 Nd4
21. Nxd4+ Nxc4 22. Ndb5 Bg4 23. Rde1 a6 24. Nc7 Rc8 25. N7d5 Kh8 26. Re4 Bf5
27. Rxc4 Bd3 28. Rh4 Bg5 29. Rg4 Bh6 30. Rf7 1-0

[Event "2. Bundesliga West 2016/17"]
[Site "Salzburg/Wals"]
[Date "2017.03.03"]
[Round "9"]
[Board "4"]
[White "Prediger, Ruppert"]
[Black "Mitterwald, Johannes"]
[Result "1/2-1/2"]
[WhiteElo "2203"]
[BlackElo "2105"]
[PlyCount "62"]
[EventDate "2016.10.28"]
[EventType "team"]
[EventRounds "11"]
[EventCountry "AUT"]
[WhiteTeam "Kufstein/Woergl"]
[BlackTeam "Pradl"]

1. e4 c5 2. Nf3 d6 3. d4 cxd4 4. Nxd4 Nf6 5. Nc3 a6 6. Bc4 e6 7. Bb3 Nbd7 8.
O-O Nc5 9. Qe2 Be7 10. Rd1 Qc7 11. Bg5 O-O 12. Nf3 b5 13. e5 dxe5 14. Qxe5 Qxe5
15. Nxe5 Bb7 16. Ng4 Rfd8 17. f3 Rac8 18. Nxf6+ gxf6 19. Bh6 Kh8 20. Rxd8+ Rxd8
21. Kf2 f5 22. Be3 Kg7 23. Ke2 Bc6 24. a3 Nxb3 25. cxb3 Kf6 26. b4 Kg6 27. Rc1
Bf6 28. Bb6 Rd7 29. Be3 Bb7 30. Bc5 Bd5 31. g3 h5 1/2-1/2

[Event "2. Bundesliga West 2016/17"]
[Site "Salzburg/Wals"]
[Date "2017.03.03"]
[Round "9"]
[Board "5"]
[White "Nussbaumer, Leon"]
[Black "Atzl, Florian"]
[Result "1-0"]
[WhiteElo "1964"]
[BlackElo "1996"]
[PlyCount "65"]
[EventDate "2016.10.28"]
[EventType "team"]
[EventRounds "11"]
[EventCountry "AUT"]
[WhiteTeam "Pradl"]
[BlackTeam "Kufstein/Woergl"]

1. e4 c5 2. Nf3 e6 3. d4 cxd4 4. Nxd4 a6 5. Bd3 Nf6 6. Nc3 d6 7. O-O Be7 8. Qe2
Nbd7 9. Kh1 Qc7 10. f4 b5 11. a4 b4 12. Na2 Qb6 13. Be3 Nc5 14. Nb3 O-O 15. a5
Qb7 16. e5 Nfd7 17. exd6 Bxd6 18. Bxc5 Nxc5 19. Nxc5 Bxc5 20. Be4 Qa7 21. Bxa8
Qxa8 22. Qc4 Be7 23. Nxb4 Bb7 24. Rf2 Rc8 25. Qb3 Bc5 26. Rd2 Qb8 27. Nd3 Ba7
28. Ne5 Qa8 29. Rad1 Be4 30. f5 Bxf5 31. Qb7 h6 32. Qxf7+ Kh7 33. Rd7 1-0

[Event "2. Bundesliga West 2016/17"]
[Site "Salzburg/Wals"]
[Date "2017.03.03"]
[Round "9"]
[Board "6"]
[White "Kranewitter, Norbert"]
[Black "Niedermair, Hannes"]
[Result "1/2-1/2"]
[WhiteElo "2006"]
[BlackElo "1950"]
[PlyCount "76"]
[EventDate "2016.10.28"]
[EventType "team"]
[EventRounds "11"]
[EventCountry "AUT"]
[WhiteTeam "Kufstein/Woergl"]
[BlackTeam "Pradl"]

1. e4 Nf6 2. e5 Nd5 3. d4 d6 4. Nf3 Bg4 5. Be2 Nc6 6. e6 Bxf3 7. exf7+ Kxf7 8.
Bxf3 Nf6 9. c3 d5 10. O-O e6 11. Re1 Bd6 12. Bg5 Rf8 13. Qd3 g6 14. Nd2 Qd7 15.
Re3 Kg8 16. Rae1 Rae8 17. Kh1 Nd8 18. Qe2 c6 19. Nb3 b5 20. Nc1 Qg7 21. Nd3 h6
22. Bxf6 Qxf6 23. Ne5 Re7 24. Kg1 Rfe8 25. Bg4 Kg7 26. g3 Kh7 27. h4 Bxe5 28.
Rxe5 a6 29. h5 g5 30. Re3 Kh8 31. Rf3 Qg7 32. Bh3 g4 33. Bxg4 e5 34. dxe5 Rxe5
35. Re3 Rxe3 36. fxe3 Rg8 37. Bh3 Qxg3+ 38. Qg2 Qxg2+ 1/2-1/2

[Event "2. Bundesliga West 2016/17"]
[Site "Salzburg/Wals"]
[Date "2017.03.03"]
[Round "9"]
[Board "1"]
[White "Fedorovsky, Michael"]
[Black "Knechtel, Roland"]
[Result "1-0"]
[WhiteElo "2497"]
[BlackElo "2266"]
[PlyCount "63"]
[EventDate "2016.10.28"]
[EventType "team"]
[EventRounds "11"]
[EventCountry "AUT"]
[WhiteTeam "Jenbach 2"]
[BlackTeam "Ranshofen"]

1. d4 Nf6 2. c4 e6 3. Nf3 b6 4. g3 Bb7 5. Bg2 d5 6. Ne5 Nbd7 7. Qa4 c6 8. O-O
Nxe5 9. dxe5 Nd7 10. cxd5 b5 11. Qd1 cxd5 12. f4 Qb6+ 13. Kh1 Be7 14. a4 b4 15.
a5 Qb5 16. Nd2 Ba6 17. Bf3 Nc5 18. Nb3 Nxb3 19. Qxb3 Rc8 20. Be3 Bc5 21. f5
exf5 22. Bxc5 Rxc5 23. Qe3 Bc8 24. Rfc1 Rxc1+ 25. Rxc1 O-O 26. Qxa7 g5 27. Qc5
Qa6 28. Qxb4 g4 29. Bxd5 Qxe2 30. Qf4 Bd7 31. Qg5+ Kh8 32. Qe7 1-0

[Event "2. Bundesliga West 2016/17"]
[Site "Salzburg/Wals"]
[Date "2017.03.03"]
[Round "9"]
[Board "2"]
[White "Riediger, Martin"]
[Black "Lehner, Oliver"]
[Result "0-1"]
[WhiteElo "2288"]
[BlackElo "2407"]
[PlyCount "66"]
[EventDate "2016.10.28"]
[EventType "team"]
[EventRounds "11"]
[EventCountry "AUT"]
[WhiteTeam "Ranshofen"]
[BlackTeam "Jenbach 2"]

1. d4 Nf6 2. c4 g6 3. Nc3 Bg7 4. e4 d6 5. Nf3 O-O 6. Be2 e5 7. d5 a5 8. Bg5 h6
9. Bh4 Na6 10. Nd2 Qe8 11. Qa4 Bd7 12. Qxa5 b6 13. Qa3 Nc5 14. Qb4 Nh5 15. O-O
Nf4 16. Rfe1 f5 17. f3 Nfd3 18. Bxd3 Nxd3 19. Qb3 Nxe1 20. Rxe1 h5 21. Nb5 Bxb5
22. cxb5 Bh6 23. Nc4 fxe4 24. fxe4 Qf7 25. Bg3 Qf6 26. Ne3 Bf4 27. Bxf4 Qxf4
28. Nd1 Rf7 29. a4 Raf8 30. Qd3 Kg7 31. Qe2 h4 32. b4 Qc1 33. h3 Qa3 0-1

[Event "2. Bundesliga West 2016/17"]
[Site "Salzburg/Wals"]
[Date "2017.03.03"]
[Round "9"]
[Board "3"]
[White "Reich, Thomas"]
[Black "Ager, Josef"]
[Result "1-0"]
[WhiteElo "2349"]
[BlackElo "2144"]
[PlyCount "53"]
[EventDate "2016.10.28"]
[EventType "team"]
[EventRounds "11"]
[EventCountry "AUT"]
[WhiteTeam "Jenbach 2"]
[BlackTeam "Ranshofen"]

1. d4 Nf6 2. c4 g6 3. Nc3 Bg7 4. e4 d6 5. f4 O-O 6. Nf3 Na6 7. Be2 c5 8. d5 e6
9. O-O exd5 10. exd5 Bf5 11. Bd3 Qd7 12. Bxf5 Qxf5 13. Nh4 Qd7 14. f5 Nc7 15.
a4 b6 16. Bg5 h6 17. Bxf6 Bxf6 18. Qg4 Ne8 19. Ne4 Bd4+ 20. Kh1 Nf6 21. Nxf6+
Bxf6 22. Rae1 Bxb2 23. Qg3 Be5 24. Rxe5 dxe5 25. f6 Kh7 26. Nf5 Rh8 27. Nxh6
 1-0

[Event "2. Bundesliga West 2016/17"]
[Site "Salzburg/Wals"]
[Date "2017.03.03"]
[Round "9"]
[Board "4"]
[White "Kuecher, Wolfgang"]
[Black "Micheli, Carlo"]
[Result "1/2-1/2"]
[WhiteElo "2122"]
[BlackElo "2242"]
[PlyCount "136"]
[EventDate "2016.10.28"]
[EventType "team"]
[EventRounds "11"]
[EventCountry "AUT"]
[WhiteTeam "Ranshofen"]
[BlackTeam "Jenbach 2"]

1. Nf3 d6 2. d4 Bg4 3. Nbd2 Nf6 4. e4 e6 5. Bd3 d5 6. c3 c6 7. Qc2 dxe4 8. Nxe4
Nbd7 9. Bf4 Bxf3 10. gxf3 Nxe4 11. fxe4 Qf6 12. Be3 e5 13. O-O-O Bd6 14. f4
exf4 15. e5 Qh6 16. Bd2 Be7 17. Rdf1 Nb6 18. Bxf4 Bg5 19. Bxg5 Qxg5+ 20. Kb1 g6
21. h4 Qe7 22. Qf2 Rf8 23. Rh3 O-O-O 24. Rf3 Nd5 25. h5 gxh5 26. Bxh7 c5 27.
dxc5 Kb8 28. Qh2 Ka8 29. Qxh5 Qxc5 30. Rxf7 Rfe8 31. Be4 Qe3 32. Qh7 Qe2 33.
Bxd5 Rxd5 34. Qc2 Qxc2+ 35. Kxc2 Rdxe5 36. Rf8 a6 37. Kb3 Ka7 38. Rxe8 Rxe8 39.
Rf6 Re4 40. a4 Kb8 41. Rf7 Ka7 42. a5 Re2 43. Ka3 Rc2 44. Kb3 Re2 45. c4 Rg2
46. Kc3 Rg3+ 47. Kb4 Rg5 48. Rd7 Rg2 49. b3 Rg3 50. Ka4 Rc3 51. Rd8 Rc1 52. Kb4
Ra1 53. Rc8 Ra2 54. Rc5 Ra1 55. Rc8 Ra2 56. Rc5 Ra1 57. Rg5 Ra2 58. Kc3 Ra1 59.
Kd4 Rb1 60. Rg3 Rb2 61. Kc5 Ra2 62. b4 Ra4 63. Rg4 Kb8 64. Rg8+ Ka7 65. Rf8 Ra1
66. Kd6 Ra4 67. Kc5 Ra1 68. Kd6 Ra4 1/2-1/2

[Event "2. Bundesliga West 2016/17"]
[Site "Salzburg/Wals"]
[Date "2017.03.03"]
[Round "9"]
[Board "5"]
[White "Hoellrigl, Wilfried"]
[Black "Schwarzmeier, Klaus"]
[Result "0-1"]
[WhiteElo "2151"]
[BlackElo "2138"]
[PlyCount "86"]
[EventDate "2016.10.28"]
[EventType "team"]
[EventRounds "11"]
[EventCountry "AUT"]
[WhiteTeam "Jenbach 2"]
[BlackTeam "Ranshofen"]

1. e4 e6 2. d4 d5 3. e5 c5 4. c3 Qb6 5. Nf3 Nc6 6. a3 c4 7. Nbd2 Na5 8. Be2 Bd7
9. O-O Ne7 10. Rb1 Qc7 11. Qc2 Nc8 12. b3 cxb3 13. Nxb3 Ba4 14. Nfd2 Nb6 15.
Qb2 Nxb3 16. Nxb3 Be7 17. Nc5 Bc6 18. f4 O-O 19. Be3 Nc4 20. Bxc4 dxc4 21. Qf2
b6 22. Na6 Qd7 23. Rbd1 f5 24. Qe2 Bxa3 25. Ra1 Be7 26. Qxc4 Rac8 27. Qb3 Bd5
28. Qb2 Rc4 29. Nb4 Ba8 30. Rf2 Rfc8 31. Na2 R8c7 32. h3 Qd5 33. Kh2 h6 34. Rg1
Qe4 35. Qe2 Ra4 36. g4 Bd5 37. Nb4 Bxb4 38. cxb4 Ra2 39. Qe1 Rcc2 40. Rgf1 Qg2+
41. Rxg2 Rxg2+ 42. Kh1 Rh2+ 43. Kg1 Rag2# 0-1

[Event "2. Bundesliga West 2016/17"]
[Site "Salzburg/Wals"]
[Date "2017.03.03"]
[Round "9"]
[Board "6"]
[White "Spiesberger, Gerhard"]
[Black "Heinrich, Thomas"]
[Result "1/2-1/2"]
[WhiteElo "2054"]
[BlackElo "2150"]
[PlyCount "71"]
[EventDate "2016.10.28"]
[EventType "team"]
[EventRounds "11"]
[EventCountry "AUT"]
[WhiteTeam "Ranshofen"]
[BlackTeam "Jenbach 2"]

1. e4 c5 2. Nc3 e6 3. g3 d5 4. d3 Nc6 5. Bg2 Nf6 6. Nge2 Be7 7. O-O d4 8. Nb1
e5 9. h3 h5 10. a4 Be6 11. f4 g6 12. fxe5 Nxe5 13. Na3 Qd7 14. Nf4 O-O-O 15.
Nxe6 Qxe6 16. Bf4 Nfd7 17. b3 g5 18. Bd2 h4 19. g4 f6 20. Rf5 Bd6 21. Qe2 Rh7
22. Raf1 Kb8 23. Nb5 a6 24. Nxd6 Qxd6 25. Bc1 b5 26. Qd2 bxa4 27. bxa4 Ka7 28.
Ba3 Rb8 29. Qa5 Qb6 30. Qxb6+ Rxb6 31. Ra1 Rh8 32. Rff1 Rhb8 33. Rfd1 Ng6 34.
Rf1 Nf4 35. Rfe1 Ng6 36. Rf1 1/2-1/2

[Event "2. Bundesliga West 2016/17"]
[Site "Salzburg/Wals"]
[Date "2017.03.03"]
[Round "9"]
[Board "1"]
[White "Besner, Bernhard"]
[Black "Froewis, Georg"]
[Result "1/2-1/2"]
[WhiteElo "2141"]
[BlackElo "2463"]
[PlyCount "119"]
[EventDate "2016.10.28"]
[EventType "team"]
[EventRounds "11"]
[EventCountry "AUT"]
[WhiteTeam "ASK Salzburg"]
[BlackTeam "Hohenems II"]

1. e4 e6 2. d4 d5 3. e5 c5 4. c3 Nc6 5. Nf3 Qb6 6. Bd3 Bd7 7. dxc5 Bxc5 8. O-O
Qc7 9. Re1 Nge7 10. b4 Bb6 11. b5 Na5 12. Qa4 Rc8 13. Qg4 Kf8 14. a4 Ng6 15. h4
Nc4 16. Qg3 f5 17. Bxc4 Qxc4 18. Ba3+ Kg8 19. Nbd2 Qg4 20. Nf1 h6 21. Bb4 Qxg3
22. Nxg3 Kf7 23. Rad1 Rc4 24. a5 Bd8 25. h5 Nf4 26. Nd4 Be7 27. Bxe7 Kxe7 28.
Re3 Rhc8 29. Rf3 g5 30. hxg6 Nxg6 31. Nge2 Nxe5 32. Rh3 Nf7 33. Re1 e5 34. Nc2
f4 35. Rd3 Bf5 36. Rd2 Kf6 37. Nb4 d4 38. Nd5+ Ke6 39. Nexf4+ Kd6 40. Ne3 Bh7
41. Nxc4+ Rxc4 42. Ne2 d3 43. Red1 e4 44. b6 axb6 45. axb6 Ke5 46. Ng3 Rxc3 47.
Re1 Nd6 48. f3 Nc4 49. Nxe4 Bxe4 50. Rxe4+ Kd5 51. Rd1 Nb2 52. Rf1 d2 53. Re8
Rd3 54. Rd8+ Kc4 55. Rc8+ Kb5 56. Rc2 Nc4 57. Rd1 Kb4 58. Rb1+ Kc5 59. Rd1 Kb4
60. Rb1+ 1/2-1/2

[Event "2. Bundesliga West 2016/17"]
[Site "Salzburg/Wals"]
[Date "2017.03.03"]
[Round "9"]
[Board "2"]
[White "Burschowsky, Matthias"]
[Black "Frank, Emanuel"]
[Result "1/2-1/2"]
[WhiteElo "2195"]
[BlackElo "2189"]
[PlyCount "60"]
[EventDate "2016.10.28"]
[EventType "team"]
[EventRounds "11"]
[EventCountry "AUT"]
[WhiteTeam "Hohenems II"]
[BlackTeam "ASK Salzburg"]

1. c4 e6 2. Nf3 d5 3. b3 Nf6 4. g3 Be7 5. Bg2 O-O 6. O-O b6 7. e3 Bb7 8. Bb2
Nbd7 9. Nc3 c5 10. Qe2 Rc8 11. Rfd1 Qc7 12. Rac1 Qb8 13. d4 Rfd8 14. cxd5 Nxd5
15. Nxd5 Bxd5 16. e4 Bb7 17. Bh3 cxd4 18. Rxc8 Qxc8 19. Nxd4 Nf6 20. e5 Nd5 21.
Rc1 Qd7 22. Qb5 Qxb5 23. Nxb5 a6 24. Nd4 Bc5 25. Bg2 g6 26. a3 a5 27. Rd1 Kf8
28. Nb5 Rd7 29. Nc3 Bc6 30. Ne4 Be7 1/2-1/2

[Event "2. Bundesliga West 2016/17"]
[Site "Salzburg/Wals"]
[Date "2017.03.03"]
[Round "9"]
[Board "3"]
[White "Juergens, Klaus"]
[Black "Atlas, Dmitry"]
[Result "1-0"]
[WhiteElo "2125"]
[BlackElo "2218"]
[PlyCount "129"]
[EventDate "2016.10.28"]
[EventType "team"]
[EventRounds "11"]
[EventCountry "AUT"]
[WhiteTeam "ASK Salzburg"]
[BlackTeam "Hohenems II"]

1. Nf3 d5 2. c4 e6 3. g3 Nf6 4. Bg2 Be7 5. O-O O-O 6. b3 c5 7. e3 Nc6 8. Bb2 b6
9. Nc3 Ba6 10. d3 Rc8 11. Qe2 Rc7 12. Nb5 Rd7 13. Rfd1 Qb8 14. d4 Rfd8 15. Ne5
Nxe5 16. dxe5 Ne8 17. a4 Bb7 18. cxd5 Bxd5 19. Bxd5 Rxd5 20. Rxd5 Rxd5 21. a5
bxa5 22. Rxa5 Qd8 23. Bc3 Rd1+ 24. Kg2 Qa8+ 25. e4 Rd7 26. f3 a6 27. Na3 Nc7
28. Be1 Qb7 29. Qc4 Rd4 30. Qc3 h5 31. Nc4 Qc6 32. Bf2 Rd7 33. Nd6 Bxd6 34.
exd6 Qxd6 35. Rxc5 Nb5 36. Rxh5 e5 37. Qc8+ Rd8 38. Qh3 f6 39. Rh8+ Kf7 40.
Qh5+ Ke6 41. Re8+ Rxe8 42. Qxe8+ Qe7 43. Qc8+ Kf7 44. Qxa6 Qd7 45. Qa8 Ke6 46.
Qg8+ Qf7 47. Qc8+ Qd7 48. Qc4+ Ke7 49. Bc5+ Kd8 50. Bb6+ Ke7 51. Bc5+ Kd8 52.
Qd5 Kc8 53. Qxd7+ Kxd7 54. Bf8 g6 55. h4 Nd4 56. b4 Ke6 57. Bc5 Nb5 58. g4 Nc3
59. Kf2 Nb5 60. Ke2 Nc7 61. Kd3 Kd7 62. h5 gxh5 63. gxh5 Ne6 64. h6 Ng5 65. Be3
 1-0

[Event "2. Bundesliga West 2016/17"]
[Site "Salzburg/Wals"]
[Date "2017.03.03"]
[Round "9"]
[Board "4"]
[White "Heinrici, Simon"]
[Black "Scheiblmaier, Robert"]
[Result "1/2-1/2"]
[WhiteElo "2099"]
[BlackElo "2204"]
[PlyCount "80"]
[EventDate "2016.10.28"]
[EventType "team"]
[EventRounds "11"]
[EventCountry "AUT"]
[WhiteTeam "Hohenems II"]
[BlackTeam "ASK Salzburg"]

1. e4 e6 2. d4 d5 3. Nc3 Bb4 4. exd5 exd5 5. Bd3 Nc6 6. a3 Bxc3+ 7. bxc3 Nge7
8. Bg5 f6 9. Bf4 Bf5 10. Bxf5 Nxf5 11. Qd3 Nd6 12. Qe2+ Ne7 13. Bxd6 Qxd6 14.
Nf3 O-O 15. O-O Nc6 16. Rfe1 Qd7 17. c4 Rae8 18. Qd3 Na5 19. cxd5 Qxd5 20. Qc3
Nc4 21. Nd2 Nxd2 22. Qxd2 c5 23. c3 b6 24. Re3 cxd4 25. cxd4 Rxe3 26. fxe3 Rc8
27. Rc1 Rxc1+ 28. Qxc1 h5 29. Qc2 Qa5 30. Qb3+ Kf8 31. Kf2 Qf5+ 32. Ke1 Qe4 33.
Kf2 Qh4+ 34. Kf3 Qxh2 35. Qe6 Qc7 36. d5 Qe7 37. Qc6 Qc5 38. Qe6 Qe7 39. Qc6
Qc5 40. Qe6 Qe7 1/2-1/2

[Event "2. Bundesliga West 2016/17"]
[Site "Salzburg/Wals"]
[Date "2017.03.03"]
[Round "9"]
[Board "5"]
[White "Loeffler, Christoph"]
[Black "Uhlmann, David"]
[Result "0-1"]
[WhiteElo "2124"]
[BlackElo "2066"]
[PlyCount "62"]
[EventDate "2016.10.28"]
[EventType "team"]
[EventRounds "11"]
[EventCountry "AUT"]
[WhiteTeam "ASK Salzburg"]
[BlackTeam "Hohenems II"]

1. e4 c5 2. Nc3 g6 3. f4 Bg7 4. Nf3 Nc6 5. Bc4 e6 6. f5 Nge7 7. fxe6 dxe6 8. d3
Na5 9. Bb5+ Bd7 10. Bxd7+ Qxd7 11. O-O O-O 12. Bg5 Nac6 13. Qe1 f6 14. Be3 Nd4
15. Qf2 Nec6 16. Rad1 Rad8 17. Nb1 f5 18. c3 fxe4 19. cxd4 exf3 20. dxc5 Ne5
21. Qg3 fxg2 22. Rxf8+ Rxf8 23. Bf2 Qa4 24. Nc3 Qc2 25. Kxg2 Rf3 26. Qh4 g5 27.
Qd4 Nc6 28. Qxg7+ Kxg7 29. Kxf3 Qxb2 30. Ne4 Ne5+ 31. Kg3 Qe2 0-1

[Event "2. Bundesliga West 2016/17"]
[Site "Salzburg/Wals"]
[Date "2017.03.03"]
[Round "9"]
[Board "6"]
[White "Kuntner, Reinhard"]
[Black "Herrmann, Michael"]
[Result "0-1"]
[WhiteElo "1922"]
[BlackElo "2078"]
[PlyCount "80"]
[EventDate "2016.10.28"]
[EventType "team"]
[EventRounds "11"]
[EventCountry "AUT"]
[WhiteTeam "Hohenems II"]
[BlackTeam "ASK Salzburg"]

1. d4 d5 2. c4 c6 3. Nc3 Nf6 4. Nf3 a6 5. Qb3 dxc4 6. Qxc4 b5 7. Qd3 e6 8. g3
Bb7 9. Bg2 Nbd7 10. O-O Be7 11. Bf4 Nd5 12. Nxd5 exd5 13. Ne5 Nxe5 14. Bxe5 O-O
15. h4 Qb6 16. Rfd1 Rfe8 17. Bf3 Rad8 18. a4 Bc8 19. axb5 axb5 20. Qd2 Bb7 21.
Bh5 Bd6 22. Bxd6 Rxd6 23. b4 Rdd8 24. Ra3 Ra8 25. Rda1 Rxa3 26. Rxa3 Re4 27. e3
Re8 28. Qa2 g6 29. Bf3 Qc7 30. Kh2 Qd6 31. Ra7 Bc8 32. Qa5 Qf6 33. Kg2 Bh3+ 34.
Kxh3 Qxf3 35. Ra8 Rxa8 36. Qxa8+ Kg7 37. Qxc6 Qh1+ 38. Kg4 f5+ 39. Kf4 Qe4+ 40.
Kg5 h6# 0-1

[Event "2. Bundesliga West 2016/17"]
[Site "Salzburg/Wals"]
[Date "2017.03.03"]
[Round "9"]
[Board "1"]
[White "Bromberger, Stefan"]
[Black "Vogel, Roven"]
[Result "0-1"]
[WhiteElo "2535"]
[BlackElo "2415"]
[PlyCount "74"]
[EventDate "2016.10.28"]
[EventType "team"]
[EventRounds "11"]
[EventCountry "AUT"]
[WhiteTeam "SIR Bernhard 1"]
[BlackTeam "Dornbirn"]

1. d4 d5 2. c4 c6 3. cxd5 cxd5 4. Bf4 Nc6 5. e3 Nf6 6. Nc3 Bf5 7. Qb3 Na5 8.
Qa4+ Bd7 9. Qc2 e6 10. Bd3 Rc8 11. Nf3 Be7 12. Ne5 Nc6 13. Qe2 Nxe5 14. dxe5
Ne4 15. Nxe4 dxe4 16. Bxe4 Qa5+ 17. Kf1 Qxa2 18. Re1 Bb4 19. Rd1 Ba4 20. Bxb7
Rc5 21. g3 Bxd1 22. Qxd1 O-O 23. Kg2 Qxb2 24. Be4 Bc3 25. Qd6 Rcc8 26. Rb1 Qd2
27. Qe7 Qd8 28. Bg5 Qa5 29. f4 Qa2+ 30. Kf3 a5 31. h4 Bb4 32. Rxb4 axb4 33.
Qxb4 Rc1 34. Qb5 h5 35. Be7 Rfc8 36. Bb7 Rg1 37. Ke4 Rc4+ 0-1

[Event "2. Bundesliga West 2016/17"]
[Site "Salzburg/Wals"]
[Date "2017.03.03"]
[Round "9"]
[Board "2"]
[White "Drabke, Lorenz"]
[Black "Mons, Leon"]
[Result "0-1"]
[WhiteElo "2485"]
[BlackElo "2461"]
[PlyCount "110"]
[EventDate "2016.10.28"]
[EventType "team"]
[EventRounds "11"]
[EventCountry "AUT"]
[WhiteTeam "Dornbirn"]
[BlackTeam "SIR Bernhard 1"]

1. e4 e5 2. Bc4 Nf6 3. d3 c6 4. Nf3 d5 5. Bb3 Bb4+ 6. Bd2 Bxd2+ 7. Nbxd2 a5 8.
c3 Nbd7 9. O-O O-O 10. Re1 Re8 11. Nf1 dxe4 12. Ng5 Re7 13. Nxe4 Nxe4 14. dxe4
Qc7 15. Ne3 Nc5 16. Bc2 Be6 17. Qe2 Rd7 18. a3 a4 19. Rad1 Rad8 20. Rxd7 Rxd7
21. Rd1 Bb3 22. Rxd7 Qxd7 23. Bb1 f6 24. h4 g6 25. Ng4 Kf7 26. f3 Qd1+ 27. Qxd1
Bxd1 28. Kf2 Bb3 29. Ke3 Ke6 30. g3 b6 31. Nf2 Nb7 32. Bd3 Nd6 33. Ng4 Bc4 34.
Bc2 Bb5 35. Bd3 f5 36. Nf2 Bxd3 37. Kxd3 b5 38. Ke2 h5 39. Ke1 Ke7 40. Ke2 Kf6
41. Ke1 Nc4 42. Nd3 g5 43. Ke2 gxh4 44. gxh4 f4 45. Kd1 Ne3+ 46. Kd2 Ng2 47.
Nb4 Nxh4 48. Ke2 Ng2 49. Kf2 Ne3 50. Nxc6 Nd1+ 51. Kg2 Nxb2 52. Na7 Nc4 53.
Nxb5 Ke6 54. Nc7+ Kd6 55. Nd5 Ne3+ 0-1

[Event "2. Bundesliga West 2016/17"]
[Site "Salzburg/Wals"]
[Date "2017.03.03"]
[Round "9"]
[Board "3"]
[White "Nestorovic, Nikola"]
[Black "Novkovic, Milan"]
[Result "1-0"]
[WhiteElo "2495"]
[BlackElo "2371"]
[PlyCount "73"]
[EventDate "2016.10.28"]
[EventType "team"]
[EventRounds "11"]
[EventCountry "AUT"]
[WhiteTeam "SIR Bernhard 1"]
[BlackTeam "Dornbirn"]

1. e4 c6 2. d4 d5 3. e5 c5 4. dxc5 Nc6 5. Nf3 Bg4 6. c3 e6 7. b4 Bxf3 8. Qxf3
Nxe5 9. Bb5+ Nc6 10. O-O Be7 11. Bf4 Nf6 12. Nd2 O-O 13. Nb3 Ne4 14. Rac1 Bf6
15. Rfd1 Ne5 16. Bxe5 Bxe5 17. c4 Qc7 18. cxd5 exd5 19. Rxd5 Bxh2+ 20. Kf1 Nf6
21. Rf5 Be5 22. Re1 Bb2 23. g4 h6 24. Re2 Ba3 25. g5 hxg5 26. Rxg5 Qh2 27. Ree5
Rfd8 28. Qxf6 Qh1+ 29. Ke2 Qd1+ 30. Ke3 Bc1+ 31. Nxc1 Qxc1+ 32. Kf3 Qh1+ 33.
Kf4 Rd4+ 34. Ke3 Qe1+ 35. Kxd4 Qa1+ 36. Ke3 Qe1+ 37. Kf3 1-0

[Event "2. Bundesliga West 2016/17"]
[Site "Salzburg/Wals"]
[Date "2017.03.03"]
[Round "9"]
[Board "4"]
[White "Schmidlechner, Alexander"]
[Black "Prusikin, Michael"]
[Result "0-1"]
[WhiteElo "2201"]
[BlackElo "2530"]
[PlyCount "148"]
[EventDate "2016.10.28"]
[EventType "team"]
[EventRounds "11"]
[EventCountry "AUT"]
[WhiteTeam "Dornbirn"]
[BlackTeam "SIR Bernhard 1"]

1. d4 Nf6 2. c4 e6 3. g3 d5 4. Bg2 dxc4 5. Qa4+ Nbd7 6. Nf3 a6 7. Qxc4 b5 8.
Qc2 Bb7 9. O-O c5 10. a3 Rc8 11. Qd1 Be7 12. Bf4 O-O 13. dxc5 Bxc5 14. Nbd2 Nd5
15. Nb3 Nxf4 16. gxf4 Qe7 17. e3 Rfd8 18. Qe2 Bd5 19. Nfd2 Bxg2 20. Kxg2 e5 21.
Qf3 exf4 22. Qxf4 Bd6 23. Qe4 Qg5+ 24. Kh1 Nf6 25. Qg2 Qxg2+ 26. Kxg2 Be5 27.
Nd4 Bxd4 28. exd4 Rc2 29. Nb3 Rxb2 30. Rab1 Re2 31. Ra1 Rb2 32. Rab1 Ra2 33.
Ra1 Rc2 34. Rac1 Rc4 35. Rxc4 bxc4 36. Nc5 a5 37. Rd1 Rd5 38. f3 c3 39. Rc1
Rxd4 40. Rxc3 Rd2+ 41. Kh3 g6 42. Rc4 Nd5 43. Ra4 Ne3 44. Ne4 Ra2 45. Ng3 Kg7
46. Rxa5 h5 47. a4 Kh6 48. Re5 Nd1 49. Ne2 Rxa4 50. Kg2 Ra3 51. Re7 Kg7 52. Re4
Ne3+ 53. Kf2 Nf5 54. Ng3 Nd6 55. Rd4 Ra2+ 56. Ne2 Nf5 57. Re4 g5 58. Kf1 Kg6
59. Re8 f6 60. Re4 Kf7 61. Kf2 Ng7 62. Kf1 Ne6 63. Rb4 Nc5 64. Rd4 Nb3 65. Rd7+
Kg6 66. Rd1 Nd2+ 67. Kf2 Nc4 68. Rd4 Ne5 69. h3 Nc6 70. Rc4 Ne7 71. Re4 Nf5 72.
f4 g4 73. hxg4 hxg4 74. Re8 Nd4 0-1